| 000 | 00627nam a2200193Ia 4500 | ||
|---|---|---|---|
| 008 | 0000001993 usa 0000000000eng00 | ||
| 090 | _aPSP00 X18X | ||
| 100 | 1 | _aXaus | |
| 245 | 1 | 0 | _axaus |
| 300 |
_a[12] p. _c/ 30 cm. |
||
| 500 | _aTexto bilingue : español e inglés \ Con el patronazgo del maestro venezolano Jesús Rafael Soto (q.e.p.d.) | ||
| 600 | 0 | 0 |
_aXAUS./ _xTRABAJOS PICTORICOS |
| 650 | 1 | 4 | _aARTE CONTEMPORANEO ESPAÑOL |
| 650 | 1 | 4 | _xCATALOGOS |
| 650 | 1 | 4 | _xEXPOSICIONES |
| 650 | 1 | 4 | _aPINTORES ESPAÑOLES |
| 650 | 1 | 4 | _aPINTURA ESPAÑOLA |
| 999 |
_c5476 _d5476 |
||
| 260 |
_aNew York : Praxis Arte Internacional _c1993 |
||